Statistiken für Die Ähnlichkeit zwischen Japanisch und Koreanisch

Klicken Sie hier um das Quiz zu spielen!

Allgemein

  • Dieses Quiz wurde 36 mal gespielt
  • Das Durchschnittsergebnis liegt bei 3 aus 30

Antwortstatistiken

Antwort% Korrekt
Senpai
44%
Uyu
41%
Isha
22%
Jikan
22%
Kaban
22%
Sajin
22%
Gabang
19%
Mirai
19%
Uisa
19%
Ningen
16%
Akuma
13%
Denwa
9%
Jeonhwa
9%
Kirin
9%
Gyunyu
6%
Seonbae
6%
Hwasan
3%
Jijin
3%
Jishin
3%
Majo
3%
Milae
3%
Sashin
3%
Sigag
3%
Agma
0%
Danwi
0%
Gilin
0%
Ingan
0%
Kazan
0%
Manyeo
0%
Tani
0%

Verteilung der Resultate

Perzentil nach korrekt beantworteten Fragen

Anzahl Personen mit jedem Resultat

Ihre Resultats-Entwicklung

Sie haben dieses Quiz noch nicht gespielt